Statistics for Popular Movies of the 2000s

Click here to take the quiz!

General Stats

  • This quiz has been taken 137 times
    (116 since last reset)
  • The average score is 12 of 23

Answer Stats

CharacterMovie% Correct
FionaShrek
92%
Bella SwanTwilight
88%
Buddy the ElfElf
87%
Hermione GrangerHarry Potter and the Sorcerer's Stone
87%
Regina GeorgeMean Girls
85%
Jack SparrowPirates of the Caribbean: The Curse of the Black Pearl
81%
BatmanThe Dark Knight
77%
JigsawSaw
71%
Elle WoodsLegally Blonde
68%
Patrick BatemanAmerican Psycho
60%
Dominic TorettoThe Fast and the Furious
53%
NapoleonNapoleon Dynamite
50%
David BeckhamBend It Like Beckham
47%
NeytiriAvatar
46%
Juni CortezSpy Kids
40%
MaximusGladiator
37%
Beatrix "The Bride" KiddoKill Bill: Volume 1
37%
Miranda PriestlyThe Devil Wears Prada
37%
Toula PortokalosMy Big Fat Greek Wedding
30%
Allie HamiltonThe Notebook
14%
MumbleHappy Feet
13%
Katie FeatherstonParanormal Activity
8%
Frankie DunnMillion Dollar Baby
7%

Score Distribution

Percentile by Number Answered

Percent of People with Each Score

Your Score History

You have not taken this quiz since the last reset